Les personnages de Ici tout commence - Statistiques

Statistiques générales
  • Ce quiz a été pris 494 fois
  • Le résultat moyen est 18 sur 25
Statistiques - réponses
Indice Réponse % Correct
2 Salomé
94%
3 Emmanuel
93%
5 Rose
90%
6 Anaïs
88%
1 Maxime
88%
11 Théo
88%
10 Charlene
86%
19 Greg
81%
15 Louis
81%
4 Antoine
80%
13 Claire
80%
9 Constance
80%
8 Hortense
79%
14 Auguste
77%
25 Lionel
77%
18 Eliott
76%
24 Kelly
69%
7 Mehdi
65%
21 Jasmine
62%
20 Lisandro
56%
23 laetitia
54%
12 Clothilde
52%
16 Axel
50%
22 Deva
49%
17 Martha
16%
Aucun quiz correspondant
Distribution des résultats
% des personnes avec chaque résultat
Percentile par nombre de réponses
Votre historique - résultats
Vous n’avez pas pris ce quiz